000 00682nam a2200265Ia 4500
005 20260121170830.0
008 008 260114s9999 xx 000 0 eng d
020 _a9789811078477
037 _aEBOOK
040 _aCRL
040 _beng
040 _cCRL
041 _2eng
041 _aeng
084 _qCRL
100 _aGuoliang Li, Jiannan Wang, Yudian Zheng, Ju Fan, Michael J. Franklin
_91068703
245 0 _aCrowdsourced Data Management
260 _bSpringer
260 _bSpringer
260 _c2018
856 _uhttps://link.springer.com/openurl?genre=book&isbn=978-981-10-7847-7
942 _cEBOOK
999 _c1634433
_d1634433